Peter Norton's introduction to computers. (Record no. 1370)

000 -LEADER
fixed length control field 00661nam a22002057a 4500
003 - CONTROL NUMBER IDENTIFIER
control field OSt
005 - DATE AND TIME OF LATEST TRANSACTION
control field 20140910111234.0
008 - FIXED-LENGTH DATA ELEMENTS--GENERAL INFORMATION
fixed length control field 140908b xxu||||| |||| 00| 0 eng d
020 ## - INTERNATIONAL STANDARD BOOK NUMBER
International Standard Book Number 0072978902
050 ## - LIBRARY OF CONGRESS CALL NUMBER
Classification number QA76.5 .N6818 2006
100 ## - MAIN ENTRY--PERSONAL NAME
Personal name Norton, Peter,
245 ## - TITLE STATEMENT
Title Peter Norton's introduction to computers.
Statement of responsibility, etc Peter Norton
250 ## - EDITION STATEMENT
Edition statement 6th ed.
260 ## - PUBLICATION, DISTRIBUTION, ETC. (IMPRINT)
Place of publication, distribution, etc Boston
Name of publisher, distributor, etc McGraw-Hill Technology Education
Date of publication, distribution, etc 2006
300 ## - PHYSICAL DESCRIPTION
Extent xxviii, 656 p.
Other physical details col. ill.
Dimensions 28 cm.
505 ## - FORMATTED CONTENTS NOTE
Formatted contents note http://www.loc.gov/catdir/toc/mh051/2004055992.html
Miscellaneous information http://www.loc.gov/catdir/bios/mh051/2004055992.html
650 ## - SUBJECT ADDED ENTRY--TOPICAL TERM
Topical term or geographic name as entry element Computers.
650 ## - SUBJECT ADDED ENTRY--TOPICAL TERM
Topical term or geographic name as entry element Computer software.
942 ## - ADDED ENTRY ELEMENTS (KOHA)
Source of classification or shelving scheme
Koha item type Book
Holdings
Withdrawn status Lost status Source of classification or shelving scheme Damaged status Not for loan Home library Current library Date acquired Total Checkouts Total Renewals Full call number Barcode Date last seen Date checked out Copy number Price effective from Koha item type
          Riara University Library Riara University Library 10/09/2014 5 1 QA76.5 .N6818 2006 4926/14 10/01/2022 01/12/2021 C.1 10/09/2014 Book
          Riara University Library Riara University Library 10/09/2014 3   QA76.5 .N6818 2006 4927/14 19/10/2017 10/10/2017 C.2 10/09/2014 Book
          Riara University Library Riara University Library 10/09/2014 12 3 QA76.5 .N6818 2006 4928/14 15/08/2025 25/07/2025 C.3 10/09/2014 Book

Riara University Library,
P.O. Box 49940-00100,
Nairobi, Kenya.